Prostituée
সংরক্ষণ করুন:
| প্রধান লেখক: | |
|---|---|
| বিন্যাস: | গ্রন্থ |
| ভাষা: | ইংরেজি |
| প্রকাশিত: |
Paris
|
| ট্যাগগুলো: |
কোনো ট্যাগ নেই, প্রথমজন হিসাবে ট্যাগ করুন!
|
MARC
| LEADER | 00000nam a2200000 4500 | ||
|---|---|---|---|
| 001 | CDOM0000003794 | ||
| 003 | mi | ||
| 005 | 20250922104656.0 | ||
| 008 | 250922b |||||||| |||| 00| 0 eng d | ||
| 040 | |c mi | ||
| 100 | |a Margueritte, Victor | ||
| 245 | 1 | |a Prostituée | |
| 260 | |a Paris | ||
| 942 | |2 ddc |c BK | ||
| 952 | |0 0 |1 0 |2 ddc |4 0 |7 0 |9 8923 |a MI |b MI |d 2009-08-31 |i 5523 |l 0 |p CDOM5523 |r 2025-07-17 21:50:00 |w 2025-07-17 |y BK | ||
| 999 | |c 7421 |d 7421 | ||